| 000 | 00596nam a22002057a 4500 | ||
|---|---|---|---|
| 003 | OSt | ||
| 005 | 20131210154132.0 | ||
| 008 | 130530s1992 sp ||||| |||| 00| 0 cat d | ||
| 020 | _a8473039692 | ||
| 040 |
_cCDMR _bcat |
||
| 100 | 1 |
_9898 _aSaperas, Enric |
|
| 245 | 1 | 0 |
_aIntroducció a les teories de la comunicació _cEnric Saperas |
| 260 |
_aBarcelona _bPòrtic _c1992 |
||
| 300 | _a245 p. | ||
| 490 | 0 |
_aPòrtic Mèdia _v5 |
|
| 650 | 0 | 4 |
_92085 _aComunicació _xTeoria |
| 650 | 0 | 4 |
_91460 _aSociologia de la comunicació |
| 650 | 0 | 4 |
_93284 _aComunicació _xInvestigació _xHistòria |
| 942 |
_2udc _cMON |
||
| 999 |
_c6358 _d6358 |
||